| 000 | 00505nam a2200181Ia 4500 | ||
|---|---|---|---|
| 003 | OSt | ||
| 005 | 20251230125632.0 | ||
| 008 | 210210b1955 xxu||||| |||| 00| 0 eng d | ||
| 040 | _cAL | ||
| 041 | _akan | ||
| 082 | _a859/2144 | ||
| 100 |
_aSITATARAMAYYA (M V) _9158254 _dಸೀತಾರಾಮಯ್ಯ (ಎಂ ವಿ) |
||
| 245 |
_aKarunalahari: _bಕರುಣಾಲಹರಿ |
||
| 260 |
_aMaisuru _bSharada Mandira _c1955 |
||
| 690 |
_aKannada Fiction _9158255 |
||
| 906 | _a022857 | ||
| 942 |
_2ddc _cBK |
||
| 999 |
_c147516 _d147516 |
||